Men made new: (Record no. 5731)

000 -LEADER
fixed length control field 00608nam a2200193 a 4500
001 - CONTROL NUMBER
control field :::00003473$&:&@@
003 - CONTROL NUMBER IDENTIFIER
control field OkBaRHE
005 - DATE AND TIME OF LATEST TRANSACTION
control field 20000607103306.0
008 - FIXED-LENGTH DATA ELEMENTS--GENERAL INFORMATION
fixed length control field s1987 j 000 0 eng u
040 ## - CATALOGING SOURCE
Transcribing agency
100 1# - MAIN ENTRY--PERSONAL NAME
Personal name Stott, John R. W.
245 10 - TITLE STATEMENT
Title Men made new:
Remainder of title an exposition of Romans 5-8.
250 ## - EDITION STATEMENT
Edition statement [1st ed.]
260 ## - PUBLICATION, DISTRIBUTION, ETC. (IMPRINT)
Place of publication, distribution, etc Grand Rapids, MI., :
Name of publisher, distributor, etc Baker Book House
Date of publication, distribution, etc 1987
300 ## - PHYSICAL DESCRIPTION
Extent 108 p. ;
Dimensions 18 cm.
650 ## - SUBJECT ADDED ENTRY--TOPICAL TERM
Topical term or geographic name as entry element Bible New Testament Romans 5-8
General subdivision Commentaries
942 ## - ADDED ENTRY ELEMENTS (KOHA)
Source of classification or shelving scheme
Koha item type Books
Copies
Full call number Withdrawn status Date acquired Damaged status Copy number Barcode Not for loan Shelving location Koha item type Permanent Location Price effective from Source of classification or shelving scheme Date last seen Lost status
BS 2665.3 .S8 2010-04-14 13473 General StacksBooksRHEMA Bible Training College2010-04-14 2018-03-28